Ichthyology
Shranjeno v:
| Main Authors: | , , |
|---|---|
| Format: | Knjiga |
| Jezik: | angleščina |
| Izdano: |
Nueva York
John Wiley
1962
|
| Teme: | |
| Oznake: |
Označite
Brez oznak, prvi označite!
|
MARC
| LEADER | 00000nam a2200000 a 4500 | ||
|---|---|---|---|
| 001 | UCV5282 | ||
| 003 | CL-VaPUC | ||
| 008 | 921013e19620000US |||||||||||||||||eng|d | ||
| 082 | 0 | 4 | |a 597.08 |b LAG |2 21 |
| 100 | |a Lagler, Karl F |e author |9 480406 | ||
| 700 | 0 | |a Bardach, John E |e author |9 299606 | |
| 700 | 0 | |a Miller, Robert R |e author |9 299607 | |
| 245 | 1 | 0 | |a Ichthyology |
| 300 | |a 545 p | ||
| 942 | |c BK | ||
| 945 | |d 19921013 00:00:00 |a mfernand | ||
| 260 | |a Nueva York |b John Wiley |c 1962 | ||
| 650 | 7 | |a ICTIOLOGIA |2 CL-VaPUC |9 261318 | |
| 650 | 7 | |a PECES |2 CL-VaPUC |9 299608 | |
| 583 | |a last modification |c 19921013 00:00:00 |k Rodrigo Vera | ||
| 999 | |c 211853 |d 211851 | ||
| 952 | |0 0 |1 0 |2 ddc |4 0 |6 597_080000000000000_LAG_1962 |7 0 |8 CCM |9 191852 |a BIBCUR |b BIBCUR |c PAC |d 2019-11-14 |i 2593718 |o 597.08 LAG 1962 |p 2593718 |r 2025-04-22 |w 2019-11-14 |y BK |k CIM | ||
| 952 | |0 0 |1 0 |2 ddc |4 0 |6 597_080000000000000_LAG_1962 |7 0 |8 CCM |9 191856 |a BIBCUR |b BIBCUR |c PAC |d 2019-11-14 |i 3054330 |o 597.08 LAG 1962 |p 3054330 |r 2025-04-22 |w 2019-11-14 |y BK |k CIM | ||
| 952 | |0 0 |1 0 |4 0 |6 597_080000000000000_LAG_1962 |7 0 |8 A |9 191857 |a BIBCUR |b BIBCUR |d 2019-11-14 |i 1793748 |l 1 |o 597.08 LAG 1962 |p 1793748 |r 2025-04-22 |s 2022-08-12 |w 2019-11-14 |y BK |k BCB | ||